000 00783nam a22002537a 4500
003 dpl
005 20180606132603.0
008 180606b xxu||||| |||| 00| 0 eng d
010 _aA-869652
020 _c$ 27.95
_a9780875963433
035 _aA-869652, A-861750
037 _bCen Lib/Ret
040 _aDPL
_bEN
_c0
082 _a613.04244
_bDOC
245 _aThe doctors book of home remedies for women /
_cedited by Sharon Faelten
260 _aPennsylvania
_bRodale Press
_c1997
270 _aPennsylvania
_bPennsylvania
300 _axxvii,612p.
_b23cm(Hb)
500 _aIncludes index
650 _aWomen- Health and Hygiene
_920691
650 _aSelf Care - Health
_919211
700 _a Faelten, Sharon
_9107449
942 _2ddc
_cEN
_h613.04244
_kDOC
999 _c134941
_d134941